[Event "ZMDI-Open 2013"]
[Site "Dresden"]
[Date "2013.08.14"]
[Round "5"]
[White "Udet, F."]
[Black "Thuma, H."]
[Result "1-0"]
[WhiteElo "1711"]
[BlackElo "1774"]
[PlyCount "89"]
[EventDate "2013.??.??"]

1. e4 c5 2. c3 Nc6 3. d4 cxd4 4. cxd4 d5 5. e5 Bf5 6. Nc3 e6 7. Nf3 h6 8. Be3
Bb4 9. Rc1 Nge7 10. a3 Bxc3+ 11. Rxc3 Rc8 12. Bd3 Bxd3 13. Qxd3 Nf5 14. b4 a6
15. Bd2 Qd7 16. O-O O-O 17. g4 Nce7 18. h4 Ng6 19. h5 Nh8 20. g5 g6 21. gxh6
Ne7 22. h7+ Kxh7 23. Ng5+ Kg8 24. Qh3 Rxc3 25. Bxc3 Rc8 26. hxg6 Nexg6 27. Qh7+
Kf8 28. Bd2 Qe8 29. Nh3 Ke7 30. Qg7 Kd7 31. Kh1 Qg8 32. Qf6 Qh7 33. Kh2 Qh4 34.
Bg5 Qxd4 35. Re1 Qg4 36. Rc1 Re8 37. Nf4 Nxf4 38. Bxf4 Rg8 39. Bg3 Rg7 40. Qh6
Rg8 41. Qe3 Ng6 42. Qc5 Rh8+ 43. Kg1 Ne7 44. Qc7+ Ke8 45. Qb8+ 1-0

[Event "ZMDI-Open 2013"]
[Site "Dresden"]
[Date "2013.08.14"]
[Round "5"]
[White "Bolshakov, K."]
[Black "Reiche, N."]
[Result "0-1"]
[WhiteElo "1681"]
[BlackElo "1767"]
[PlyCount "50"]
[EventDate "2013.??.??"]

1. d4 e6 2. c4 d5 3. Nc3 Nf6 4. Bg5 Be7 5. Nf3 Nc6 6. e3 O-O 7. Rc1 h6 8. Bh4
b6 9. cxd5 exd5 10. Bd3 Bb7 11. O-O Nb4 12. Bb1 Ne4 13. Bxe7 Qxe7 14. a3 Na6
15. Qd3 c5 16. Nxd5 Bxd5 17. Qxa6 cxd4 18. exd4 Ng5 19. Nd2 Nh3+ 20. Kh1 Qg5
21. Be4 Qxd2 22. Bxd5 Nxf2+ 23. Rxf2 Qxc1+ 24. Rf1 Rac8 25. h3 Qxb2 0-1

[Event "ZMDI-Open 2013"]
[Site "Dresden"]
[Date "2013.08.14"]
[Round "5"]
[White "Schamschurko, A."]
[Black "Schnoor, F."]
[Result "0-1"]
[WhiteElo "1703"]
[BlackElo "1748"]
[PlyCount "52"]
[EventDate "2013.??.??"]

1. e4 c5 2. Nc3 Nc6 3. Bb5 Nd4 4. Bc4 e6 5. Nge2 Nf6 6. d3 a6 7. O-O b5 8. Bb3
Nxb3 9. axb3 Bb7 10. f4 d6 11. Ng3 Be7 12. f5 Qd7 13. Qe2 O-O-O 14. Bf4 Rdg8
15. Be3 h5 16. d4 cxd4 17. Bxd4 e5 18. Be3 h4 19. Nh1 g6 20. Bg5 Nxe4 21. Nxe4
gxf5 22. Bxe7 Bxe4 23. Bf6 Rh6 24. Rf2 Rxf6 25. Rxa6 Rgg6 26. Ra5 Bxg2 0-1

[Event "ZMDI-Open 2013"]
[Site "Dresden"]
[Date "2013.08.14"]
[Round "5"]
[White "Priese, A."]
[Black "Wiewesiek, T."]
[Result "0-1"]
[WhiteElo "1678"]
[BlackElo "1704"]
[PlyCount "92"]
[EventDate "2013.??.??"]

1. e4 c6 2. d4 d5 3. e5 Bf5 4. Nf3 e6 5. Be2 c5 6. c3 Nc6 7. O-O Qb6 8. Re1
cxd4 9. cxd4 Nge7 10. Nc3 Bg6 11. Na4 Qc7 12. Nc5 Nf5 13. Nb3 Be7 14. Bf4 O-O
15. Rc1 Rfc8 16. Bf1 Qb6 17. g4 Nh4 18. Nxh4 Bxh4 19. g5 a5 20. a4 Ne7 21.
Rxc8+ Rxc8 22. Bd3 Nf5 23. Bb5 h6 24. gxh6 gxh6 25. Qd2 Kh7 26. Rd1 Bh5 27. Rb1
Rg8+ 28. Kf1 Bf3 29. Qc3 Be4 30. Rd1 Ne7 31. Bd3 Bf5 32. Bxf5+ Nxf5 33. Nxa5
Ra8 34. Nb3 Rxa4 35. Be3 Rb4 36. Rd3 Be7 37. Bc1 Rc4 38. Qd2 Qa6 39. Kg1 Qa2
40. Qd1 Qb1 41. Kg2 Bd8 42. Qd2 Bg5 43. f4 Bxf4 44. Qxf4 Qxd3 45. Nc5 Rc2+ 46.
Kh1 Qd1+ 0-1

[Event "ZMDI-Open 2013"]
[Site "Dresden"]
[Date "2013.08.14"]
[Round "5"]
[White "Niemann, S."]
[Black "Herbrig, M."]
[Result "1-0"]
[WhiteElo "1760"]
[BlackElo "1687"]
[PlyCount "167"]
[EventDate "2013.??.??"]

1. e4 c5 2. Nf3 Nc6 3. d3 d6 4. c3 g6 5. g3 Bg7 6. Bg2 Nf6 7. Nbd2 O-O 8. O-O
Bd7 9. Re1 Qc7 10. Nf1 b5 11. d4 cxd4 12. cxd4 Nb4 13. Bd2 Nd3 14. Ba5 Qxa5 15.
Qxd3 Rac8 16. Ne3 b4 17. Nc4 Qb5 18. b3 d5 19. exd5 Bf5 20. Qd1 Nxd5 21. Nfe5
Nc3 22. Qd2 Rfd8 23. Qe3 Be6 24. a4 Qa6 25. Bf1 Rc7 26. Qf4 Qc8 27. h4 h5 28.
a5 Bf5 29. Ne3 Be6 30. Bc4 Bxc4 31. N3xc4 Qe6 32. Nxg6 Nd5 33. Rxe6 Nxf4 34.
Nxf4 fxe6 35. Nxe6 Rxc4 36. bxc4 Bxd4 37. Rb1 Rd6 38. Nxd4 Rxd4 39. Rxb4 Kf7
40. Rb7 a6 41. Rb6 Rxc4 42. Rxa6 Rc1+ 43. Kg2 Ra1 44. Ra8 Ra3 45. a6 Ke6 46. a7
Kf7 47. Rh8 Rxa7 48. Rxh5 Kg6 49. Re5 Kf6 50. Re3 e5 51. g4 Rg7 52. Kg3 Rb7 53.
f4 exf4+ 54. Kxf4 Rb1 55. g5+ Kg6 56. Re6+ Kf7 57. Rf6+ Kg7 58. Kg4 Rg1+ 59.
Kh5 Rg2 60. Ra6 Rb2 61. Ra7+ Kg8 62. g6 Rb4 63. Kg5 Rb5+ 64. Kh6 Rb8 65. h5 Rc8
66. Kg5 Rc5+ 67. Kg4 Rc4+ 68. Kf5 Rc5+ 69. Kf6 Rc6+ 70. Kg5 Rc5+ 71. Kh6 Rc8
72. Rg7+ Kh8 73. Rf7 Kg8 74. Rf5 Rc1 75. Kg5 Rg1+ 76. Kf6 Rh1 77. Re5 Rc1 78.
Kg5 Rg1+ 79. Kh6 Kf8 80. Kh7 Rg2 81. h6 Rg1 82. Rf5+ Ke7 83. g7 Ke6 84. Rf2 1-0

[Event "ZMDI-Open 2013"]
[Site "Dresden"]
[Date "2013.08.14"]
[Round "5"]
[White "Vorobiov, I."]
[Black "Neffe, G."]
[Result "1-0"]
[WhiteElo "1774"]
[BlackElo "1634"]
[PlyCount "91"]
[EventDate "2013.??.??"]

1. e4 Nf6 2. e5 Nd5 3. c4 Nf4 4. d4 Ne6 5. f4 d6 6. f5 Nxd4 7. Qxd4 Nc6 8. Qe4
Nxe5 9. Nf3 Nxf3+ 10. Qxf3 c6 11. Bd3 Qa5+ 12. Nc3 g6 13. O-O Bg7 14. fxg6 f6
15. gxh7 Bd7 16. Qg3 Kf8 17. Qg6 Be8 18. Qe4 Bf7 19. Be3 e6 20. Qh4 f5 21. Bf4
Qc5+ 22. Kh1 Bg6 23. Qg3 Kf7 24. Bxd6 Qa5 25. Bc7 b6 26. Qd6 Rae8 27. a3 Bxc3
28. bxc3 Qxc3 29. Rac1 Qg7 30. Qd7+ Re7 31. Qxc6 Rc8 32. Be5 Qxe5 33. Qxc8 Bxh7
34. Qc6 Bg6 35. Qf3 Kf6 36. Qf4 Qc5 37. Qh4+ Kf7 38. a4 Qe3 39. Qg3 Qc5 40.
Rce1 e5 41. Bxf5 Bxf5 42. Rxf5+ Ke8 43. Qg8+ Kd7 44. Rd1+ Kc6 45. Qc8+ Rc7 46.
Rf6+ 1-0